| 000 | 00373nam a2200145Ia 4500 | ||
|---|---|---|---|
| 008 | 150201s2004 xx 000 0 und d | ||
| 082 |
_a612 _bA2004H |
||
| 100 | _aHOFFMAN, JOSEPH F. | ||
| 245 | _aANNUAL REVIEW OF PHYSIOLOGY | ||
| 250 | _a1ST | ||
| 260 |
_bPALO ALTO PUBLICATION _aCOLIFORNIA ( U .S. A) _c2004 |
||
| 300 | _a1-894 | ||
| 650 | _aPHYSIOLOGY | ||
| 942 |
_2ddc _cBK |
||
| 999 |
_c3044 _d3044 |
||